00824nam a2200253 a 4500001000800000005001700008008004100025020001500066041000800081044000700089050002400096100004300120245008400163260002800247300002300275500004200298500001000340650003700350650002800387902000800415942001100423999001500434952012100449BRL_43420190320210735.0120813s1998----mx-#######---#000-1#spa-# a9684067577 aspa amx 4aPQ7298.3b.T35 19981 aTaibo, Paco IgnaciocII,d1949-92390310aDías de combatebuna historia de Belascoarán ShaynecPaco Ignacio Taibo II. aMéxicobPlanetac1998 a225, iv p.c18 cm. aIncluye dedicatoria para Ruth Lechuga aAu45714anovela mexicanaySiglo XX92390414aNovela policiaca923905 aGRL 2lcccB c9246d9246 00104070aBRLbBRLd2013-08-12iAu457l0oPQ7298.3 .T35 1998 (Au457)pGRL00463r2019-03-22 00:00:00w2019-03-22yB